[Event "AUTO-ADV-669"]
[Site "http://www.queenalice.com/game.php?id=280836"]
[Date "2007.10.3"]
[Round "1"]
[White "Inaki"]
[Black "carlosaude"]
[Result "1-0"]
[WhiteElo "1993"]
[BlackElo "1664"]

1. e4 e5 2. Nf3 Nc6 3. d4 d6 4. Bc4 Qe7 5. O-O h6 6. Nc3 a6 7. Nd5 Qd8 8. dxe5
dxe5 9. b3 b5 10. Bd3 Nf6 11. c4 bxc4 12. Bxc4 Nxe4 13. Re1 Bg4 14. Rxe4 Bxf3
15. Qxf3 Nd4 16. Rxe5+ Be7 17. Nxc7+ Qxc7 18. Qxa8+ Kd7 19. Qxh8 Qxe5 20. Bb2
Bd6 21. Bxd4 Qxd4 22. Re1 Kc6 23. Qc8+ Bc7 24. Qxa6+ Kc5 25. Qb5+ Kd6 26. Qb4+
Qc5 27. Rd1+ Kc6 28. Bd5+ Qxd5 29. Rxd5 Kxd5 30. Qc4+ Kd6 31. a4 f5 32. a5 Bxa5
33. Qa6+ Ke5 34. Qxa5+ Kf6 35. b4 Kg5 36. b5 Kf4 37. b6 g5 38. b7 g4 39. b8=Q+
Kg5 40. Qg8+ Kf4 41. Qgd5 g3 42. Qxf5# 1-0

[Event "AUTO-ADV-669"]
[Site "http://www.queenalice.com/game.php?id=280837"]
[Date "2007.10.3"]
[Round "1"]
[White "carlosaude"]
[Black "Inaki"]
[Result "0-1"]
[WhiteElo "1676"]
[BlackElo "2024"]

1. e4 c6 2. Nf3 d5 3. Bd3 dxe4 4. Bxe4 Nf6 5. Nc3 Nxe4 6. Nxe4 e5 7. d3 Qc7 8.
b3 Be7 9. O-O O-O 10. Bb2 Nd7 11. Qd2 f5 12. Nc3 Bf6 13. Ba3 Re8 14. Rae1 b6 15.
d4 e4 16. Ng5 Bxg5 17. Qxg5 Nf6 18. h3 Ba6 19. Ne2 Bc8 20. f3 e3 21. Bc1 h6 22.
Qg6 f4 23. g4 Be6 24. Bb2 Rf8 25. Ba3 c5 26. c4 Bf7 27. Qf5 Nh7 28. Nxf4 Bxc4
29. Nd5 Qg3+ 30. Kh1 Rxf5 31. Ne7+ Kh8 32. Nxf5 Qxh3+ 33. Kg1 Bxf1 34. Rxf1 Ng5
35. Nxe3 Nxf3+ 36. Kf2 Re8 37. dxc5 Rxe3 38. Rd1 Nd4 39. Rf1 Re2+ 40. Kg1 Qh2#
0-1

[Event "AUTO-ADV-669"]
[Site "http://www.queenalice.com/game.php?id=280846"]
[Date "2007.10.3"]
[Round "1"]
[White "mauricio_sm"]
[Black "carlosaude"]
[Result "1-0"]
[WhiteElo "1817"]
[BlackElo "1669"]

1. e4 e5 2. Nf3 Nc6 3. Bb5 Nge7 4. d4 exd4 5. Nxd4 a6 6. Nxc6 bxc6 7. Bd3 g6 8.
Nc3 Bg7 9. Bd2 O-O 10. O-O d5 11. f3 Qd6 12. Qc1 Be5 13. f4 Bd4+ 14. Kh1 dxe4
15. Nxe4 Qc5 16. Nxc5 Bxc5 17. Be3 Bd6 18. b3 c5 19. Qb2 Nd5 20. Bd2 Bb7 21. f5
Rae8 22. Bh6 f6 23. Bxf8 Rxf8 24. fxg6 hxg6 25. Bxg6 Ne3 26. Rxf6 Bxg2+ 27. Kg1
Ng4 28. Rxf8+ Kxf8 29. Kxg2 Ne3+ 30. Kf3 Nd5 31. Rf1 Be7 32. Qh8# 1-0

[Event "AUTO-ADV-669"]
[Site "http://www.queenalice.com/game.php?id=280847"]
[Date "2007.10.3"]
[Round "1"]
[White "carlosaude"]
[Black "mauricio_sm"]
[Result "0-1"]
[WhiteElo "1674"]
[BlackElo "1761"]

1. e4 e5 2. Nf3 d6 3. h3 Nf6 4. Nc3 Nc6 5. a3 g6 6. d3 Bg7 7. Bd2 Be6 8. Be2 O-O
9. O-O d5 10. exd5 Bxd5 11. Nxd5 Nxd5 12. Ng5 h6 13. Ne4 Nd4 14. c3 Nxe2+ 15.
Kh1 Nef4 16. Bxf4 Nxf4 17. Nc5 Qd5 18. Ne4 Qxd3 19. Nc5 Qxd1 20. Raxd1 b6 21.
Nd7 Rfd8 22. Kh2 Rac8 23. g3 Ne6 24. h4 c5 25. f4 exf4 26. gxf4 Rc7 27. Ne5 Rxd1
28. Rxd1 Bxe5 29. fxe5 g5 30. Rg1 Kg7 31. hxg5 Nxg5 32. Kg3 Re7 33. Kf4 f6 34.
exf6+ Kxf6 35. Rh1 Re4+ 36. Kg3 Kg6 37. Rd1 Re2 38. Rd6+ Kh5 39. Rd5 Rxb2 40.
Rd7 Ne4+ 41. Kf4 Nxc3 42. Rxa7 Rb3 43. Ra6 Nb1 44. a4 c4 45. a5 b5 46. Rb6 Nc3
47. a6 Nd5+ 48. Ke5 Nxb6 49. a7 c3 50. Kd6 c2 51. Kc6 Ra3 52. Kxb6 c1=Q 53. Kb7
Rxa7+ 54. Kxa7 Qc6 55. Kb8 b4 56. Ka7 b3 57. Kb8 Qc4 58. Ka7 b2 59. Ka8 b1=Q 60.
Ka7 Qca2# 0-1

[Event "AUTO-INT-517"]
[Site "http://www.queenalice.com/game.php?id=295234"]
[Date "2007.10.30"]
[Round "2"]
[White "carlosaude"]
[Black "Yunta"]
[Result "0-1"]
[WhiteElo "1667"]
[BlackElo "1550"]

1. e4 e5 2. Nf3 Qf6 3. b3 Bc5 4. Qe2 d6 5. Ba3 Bg4 6. Qb5+ Nd7 7. Qxb7 Qd8 8.
Bxc5 Nxc5 9. Qc6+ Bd7 10. Qd5 Nf6 11. Qc4 Ncxe4 12. Bd3 d5 13. Qc3 Nxc3 14. Nxc3
d4 15. Ne2 e4 16. Nfxd4 exd3 17. cxd3 c5 18. Nf3 Bg4 19. Rc1 Qe7 20. Rxc5 Qxc5
21. d4 Qc2 22. Ng5 Qb1+ 23. Nc1 Qxc1# 0-1

[Event "AUTO-INT-517"]
[Site "http://www.queenalice.com/game.php?id=295235"]
[Date "2007.10.30"]
[Round "2"]
[White "Yunta"]
[Black "carlosaude"]
[Result "0-1"]
[WhiteElo "1636"]
[BlackElo "1661"]

1. e4 e5 2. Nf3 Nc6 3. d4 Bd6 4. Bc4 a6 5. Ng5 Nh6 6. Nxf7 Nxf7 7. Bxf7+ Kxf7 8.
d5 Nd4 9. c3 Nb5 10. a4 Na7 11. O-O Rf8 12. Qh5+ Kg8 13. Nd2 Qf6 0-1

[Event "AUTO-INT-517"]
[Site "http://www.queenalice.com/game.php?id=295238"]
[Date "2007.10.30"]
[Round "2"]
[White "carlosaude"]
[Black "uri65"]
[Result "0-1"]
[WhiteElo "1646"]
[BlackElo "1786"]

1. e4 c5 2. Nf3 d6 3. h3 Nf6 4. Nc3 g6 5. d3 Bg7 6. Bd2 O-O 7. Be2 e6 8. O-O Nc6
9. a3 a5 10. a4 d5 11. e5 Nd7 12. Nb5 Ndxe5 13. Ng5 f6 14. Nf3 Nxf3+ 15. Bxf3 f5
16. Bf4 e5 17. Bg3 e4 18. Bd6 exf3 19. Bxf8 fxg2 20. Kxg2 Qg5+ 21. Kh1 Kxf8 22.
Rg1 Qh4 23. Qf3 Ne5 24. Qg3 Qxg3 25. Rxg3 f4 26. Rg5 Nf3 27. Rxd5 Bxh3 28. Nc7
Rb8 29. Ne6+ Bxe6 30. Rxc5 b6 31. Rc6 Bd5 32. Rd6 Bf7 33. c3 Be5 34. Rd7 Re8 35.
d4 Bg7 36. Kg2 Re1 37. Rxe1 Nxe1+ 38. Kf1 Nd3 39. Rd8+ Ke7 40. Rb8 Nxb2 41. Rxb6
Nxa4 42. Ra6 Bc4+ 43. Kg2 Bxa6 44. Kf3 Nxc3 45. Kxf4 a4 46. Ke3 a3 47. d5 a2 48.
f3 a1=Q 49. Kf4 Nxd5+ 50. Ke4 Qe5# 0-1

[Event "AUTO-INT-517"]
[Site "http://www.queenalice.com/game.php?id=295239"]
[Date "2007.10.30"]
[Round "2"]
[White "uri65"]
[Black "carlosaude"]
[Result "1-0"]
[WhiteElo "1776"]
[BlackElo "1661"]

1. e4 e5 2. Nc3 Nc6 3. Bc4 Nf6 4. Nf3 a6 5. Ng5 h6 6. Nxf7 Qe7 7. Nxh8 b5 8. Be2
d6 9. Bh5+ Kd8 10. Nf7+ Kd7 11. Nd5 Nxd5 12. exd5 Nd4 13. Qg4+ Ke8 14. Nxd6+ Kd8
15. Nf7+ Ke8 16. Nxh6+ Kd8 17. Nf7+ Ke8 18. Nxe5+ g6 19. Bxg6+ Kd8 20. Qxd4 Bg7
21. f4 Qh4+ 22. g3 Qe7 23. d6 Qe6 24. Qe4 c6 25. Nxc6+ Kd7 26. Bf5 Qxf5 27.
Qxf5+ Kxc6 28. Qe4+ Kxd6 29. Qxa8 Bd7 30. Qxa6+ Bc6 31. c3 Bf8 32. d4 Kd5 33.
Bd2 Bc5 34. dxc5 Kxc5 35. Be3+ Kd6 36. O-O-O+ Kc7 37. Bb6+ Kb8 38. Rd8# 1-0

[Event ""Eu vou te dar um presente...""]
[Site "http://www.queenalice.com/game.php?id=309229"]
[Date "2007.11.24"]
[Round "-"]
[White "jbio"]
[Black "carlosaude"]
[Result "1-0"]
[WhiteElo "1443"]
[BlackElo "1604"]

1. e4 e5 2. Nf3 Nc6 3. c3 Nf6 4. d3 g6 5. Be2 Bg7 6. O-O O-O 7. Be3 d5 8. exd5
Nxd5 9. Bd2 Bg4 10. a3 Bxf3 11. Bxf3 Na5 12. c4 e4 13. dxe4 Bxb2 14. Ra2 Nxc4
15. exd5 Be5 16. Qe2 Nxd2 17. Nxd2 Re8 18. Qc4 b6 19. Ne4 c5 20. dxc6 Qc7 21. g3
Rab8 22. Rd1 b5 23. Qc5 Kg7 24. Rd7 Rbd8 25. Rxc7 Bxc7 26. Qxa7 Bb8 27. Qb7 Rd1+
28. Bxd1 Rxe4 29. Qxb8 Rd4 30. Ra1 b4 31. axb4 Rxb4 32. Qxb4 h5 33. Qe7 Kg8 34.
Ra7 Kg7 35. Bc2 Kh6 36. Qf6 h4 37. Qxf7 Kg5 38. Qxg6# 1-0